The organizational weapon : a study of Bolshevik strategy and tactics

Na minha lista:
Detalhes bibliográficos
Autor principal: Selznick, Philip
Formato: Livro
Idioma:Undetermined
Publicado em: New York McGraw - Hill Book Company, Inc 1952
Assuntos:
Tags: Adicionar Tag
Sem tags, seja o primeiro a adicionar uma tag!
Thư viện lưu trữ: Trung tâm Học liệu Trường Đại học Cần Thơ
LEADER 00537nam a2200193Ia 4500
001 CTU_89348
008 210402s9999 xx 000 0 und d
082 |a 335.43 
082 |b S464 
100 |a Selznick, Philip 
245 4 |a The organizational weapon : 
245 2 |b a study of Bolshevik strategy and tactics 
245 0 |c Philip Selznick 
260 |a New York 
260 |b McGraw - Hill Book Company, Inc 
260 |c 1952 
650 |a Communism 
904 |i Năm 
980 |a Trung tâm Học liệu Trường Đại học Cần Thơ